[Event "Mechanics' Fall TNM; 30/90, SD/30"]
[Site "San Francisco"]
[Date "2013.12.03"]
[Round "7.31"]
[White "Hood, Bryan"]
[Black "Drane, Robert"]
[Result "0-1"]
[WhiteElo "797"]
[BlackElo "1811"]
[PlyCount "72"]
[EventDate "2013.??.??"]

1. e4 Nf6 2. e5 Nd5 3. d4 d6 4. Nf3 dxe5 5. Nxe5 c6 6. Qf3 Be6 7. Bc4 Nd7 8.
Bf4 Nxf4 9. Bxe6 Nxe5 10. Bxf7+ Nxf7 11. Qxf4 Qd6 12. Qe3 O-O-O 13. O-O e5 14.
dxe5 Qc5 15. Qh3+ Kc7 16. e6 Ng5 17. Qb3 Bd6 18. h4 Ne4 19. Qf3 Qe5 20. Qf7+
Kb8 21. f4 Qd4+ 22. Kh2 Rdf8 23. c3 Qd3 24. Rf3 Rxf7 25. Rxd3 Rxf4 26. g3 Rf1
27. Kh3 Rhf8 28. Nd2 Rxa1 29. Nxe4 Be7 30. Rd7 Re8 31. Kg4 Rxa2 32. b4 a5 33.
bxa5 Rxa5 34. Kf4 Rd5 35. c4 Rxd7 36. exd7 Rd8 0-1

[Event "Mechanics' Fall TNM; 30/90, SD/30"]
[Site "San Francisco"]
[Date "2013.11.19"]
[Round "5.36"]
[White "Hood, Bryan"]
[Black "Kadri, Barbara"]
[Result "1-0"]
[WhiteElo "797"]
[BlackElo "705"]
[PlyCount "49"]
[EventDate "2013.??.??"]

1. e4 e5 2. Nf3 Be7 3. d4 Nc6 4. dxe5 d6 5. Bb5 Bd7 6. Nc3 Be6 7. Nd5 a6 8. Ba4
dxe5 9. Nxe5 Nf6 10. f3 Nxd5 11. Nxc6 Bb4+ 12. Nxb4+ Bd7 13. Bxd7+ Qxd7 14.
Qxd5 Qxd5 15. Nxd5 O-O 16. O-O Kh8 17. Nxc7 Rad8 18. Be3 Rc8 19. Bf4 f5 20.
Rad1 fxe4 21. fxe4 Rf6 22. Rd7 g5 23. Be5 Rcf8 24. Bxf6+ Rxf6 25. Rxf6 1-0

[Event "Mechanics' Fall TNM; 30/90, SD/30"]
[Site "San Francisco"]
[Date "2013.12.17"]
[Round "9.28"]
[White "Hood, Bryan"]
[Black "Standen, Julian"]
[Result "1/2-1/2"]
[WhiteElo "797"]
[BlackElo "1667"]
[PlyCount "65"]
[EventDate "2013.??.??"]

1. e4 d5 2. exd5 Qxd5 3. Nc3 Qa5 4. d4 Bf5 5. Nf3 Nf6 6. Bc4 e6 7. O-O c6 8.
Bd2 Qc7 9. Ne5 Be7 10. Re1 O-O 11. g3 Nbd7 12. Bf4 Bd6 13. Bd3 Bxd3 14. Qxd3 a6
15. Ne4 Nxe4 16. Rxe4 Nf6 17. Re2 Rad8 18. b4 Nd5 19. a3 Nxf4 20. gxf4 Bxe5 21.
fxe5 Qe7 22. f4 f6 23. Rf1 f5 24. Rg2 Qd7 25. Rd1 Qd5 26. c4 Qd7 27. h4 Qf7 28.
Qg3 Qe7 29. Qg5 Rd7 30. Qxe7 Rxe7 31. c5 Rd8 32. Rgd2 Kf7 33. Kf2 1/2-1/2

[Event "Mechanics' Fall TNM; 30/90, SD/30"]
[Site "San Francisco"]
[Date "2013.11.05"]
[Round "3.30"]
[White "Hood, Bryan Nicholas"]
[Black "Hilliard, Michael"]
[Result "0-1"]
[WhiteElo "797"]
[BlackElo "1400"]
[PlyCount "68"]
[EventDate "2013.??.??"]

1. e4 c6 2. d4 d5 3. e5 Bf5 4. Bd3 Bxd3 5. Qxd3 e6 6. Nf3 c5 7. c3 Nc6 8. Be3
Qb6 9. Qc2 cxd4 10. Nxd4 Bc5 11. Qa4 Nge7 12. Qb5 O-O 13. a4 Nxe5 14. Qxb6 Bxb6
15. O-O Nd3 16. Ra2 Nc6 17. Rd1 Nde5 18. a5 Nxa5 19. Nd2 Nac4 20. Bf4 Rfe8 21.
b3 Ng6 22. Bg3 Nxd2 23. Raxd2 Rac8 24. Nb5 Red8 25. Rd3 d4 26. c4 e5 27. f3 a6
28. Na3 Nf8 29. Bxe5 Ne6 30. Nc2 f6 31. Bg3 Bc7 32. Bf2 Be5 33. Nb4 Nc5 34.
R3d2 Nxb3 0-1

[Event "Mechanics' Fall TNM; 30/90, SD/30"]
[Site "San Francisco"]
[Date "2013.10.29"]
[Round "2.27"]
[White "Hood, Bryan Nicholas"]
[Black "Olson, David"]
[Result "0-1"]
[WhiteElo "797"]
[BlackElo "1447"]
[PlyCount "112"]
[EventDate "2013.??.??"]

1. e4 e5 2. Nf3 d6 3. Bc4 Nf6 4. Nc3 Be6 5. Nd5 c6 6. Nxf6+ Qxf6 7. d3 h6 8.
Be3 d5 9. exd5 cxd5 10. Bb5+ Nc6 11. d4 Bd6 12. dxe5 Bxe5 13. Bd4 Bxd4 14. Qxd4
Qxd4 15. Nxd4 Bd7 16. O-O-O Nxd4 17. Bxd7+ Kxd7 18. Rxd4 Kc6 19. Re1 Rhe8 20.
Kd2 Re6 21. b3 b5 22. c4 Rxe1 23. Kxe1 dxc4 24. bxc4 b4 25. Kd2 a5 26. Rd5 Ra7
27. Kc2 Kb6 28. Kb3 Re7 29. Rb5+ Ka6 30. Ka4 Re2 31. Rxa5+ Kb6 32. c5+ Kc6 33.
Kxb4 Rxf2 34. Ra6+ Kb7 35. Rb6+ Kc7 36. a4 Rb2+ 37. Ka5 Rxg2 38. Ka6 f5 39. c6
f4 40. Rb7+ Kxc6 41. Rb6+ Kc5 42. Kb7 Ra2 43. Rb5+ Kc4 44. Rf5 g5 45. a5 Rb2+
46. Kc6 Rxh2 47. a6 Ra2 48. Kb6 Rb2+ 49. Kc6 Kd4 50. Ra5 Rb8 51. a7 Ra8 52. Kb7
Rxa7+ 53. Rxa7 f3 54. Ra6 f2 55. Rxh6 f1=Q 56. Rg6 Qf7+ 0-1

[Event "Mechanics' Winter TNM; 30/90, SD/30"]
[Site "San Francisco"]
[Date "2013.02.26"]
[Round "8.10"]
[White "Hua, Arnold"]
[Black "Afkham-Ebrahimi, Payam"]
[Result "0-1"]
[WhiteElo "2005"]
[BlackElo "1872"]
[Annotator "Donaldson"]
[PlyCount "69"]
[EventDate "2013.??.??"]

1. e4 c5 2. Nf3 d6 3. d4 cxd4 4. Nxd4 g6 5. Nc3 Bg7 6. Be3 a6 7. Qd2 Nc6 8. Bc4
Ne5 9. Bb3 b5 10. f3 Nf6 11. Bh6 Bxh6 12. Qxh6 Qb6 13. O-O-O Bd7 14. Nd5 Nxd5
15. Bxd5 O-O-O 16. Qd2 Kb8 17. f4 e6 18. Bb3 Nc4 19. Bxc4 bxc4 20. Nf3 Bb5 21.
Qc3 Rhe8 22. Rd2 Re7 23. Rhd1 Red7 24. a3 Rc8 25. Ne5 dxe5 26. Rxd7 Bxd7 27.
Qxe5+ Ka8 28. Rxd7 c3 29. bxc3 $4 Qe3+ 30. Kd1 Qg1+ (30... Rb8 $1) 31. Ke2
Qxg2+ 32. Ke1 Qg1+ 33. Ke2 Qxh2+ 34. Kf3 $2 Rxc3+ $1 35. Kg4 0-1

[Event "Mechanics' Summer TNM; 30/90, SD/30"]
[Site "San Francisco"]
[Date "2013.06.04"]
[Round "2.14"]
[White "Hua, Arnold"]
[Black "Bekhtur, Bayaraa"]
[Result "1-0"]
[WhiteElo "1989"]
[BlackElo "1702"]
[Annotator "Donaldson"]
[PlyCount "97"]
[EventDate "2013.??.??"]

1. e4 c5 2. Nf3 d6 3. d4 cxd4 4. Nxd4 g6 5. c4 Bg7 6. Nc3 Nc6 7. Be3 Nf6 8. Be2
a6 9. O-O O-O 10. Nc2 Qa5 11. f3 Be6 12. Nd5 Bxd5 13. cxd5 Ne5 14. Nd4 Rfc8 15.
b3 Rc7 16. a3 Qc3 17. Bf2 Rac8 18. Ra2 Bh6 19. Rc2 Qa5 20. Rxc7 Rxc7 21. Qa1
Rc3 22. Rd1 Nfd7 23. Be1 Be3+ 24. Kh1 Nd3 25. Bxd3 Bxd4 26. Bc4 Bf6 27. Bxc3 (
27. f4 $1) 27... Bxc3 28. Qc1 b5 29. Be2 Nc5 30. b4 Bxb4 31. axb4 Qxb4 32. Qa1
f6 33. Rb1 Qd2 34. Rb2 Qd4 35. Ra2 Qe3 36. g3 g5 37. Kg2 h5 38. Qb2 h4 39. gxh4
gxh4 40. Qd2 Qb3 41. Bd1 Qc4 42. Rc2 h3+ 43. Kxh3 Qf1+ 44. Kh4 b4 45. Qxb4 Qxd1
46. Rg2+ Kf7 47. Qb8 Qe1+ 48. Kh5 f5 49. Qg8+ 1-0

[Event "Mechanics' Spring TNM; 30/90, SD/30"]
[Site "San Francisco"]
[Date "2013.03.26"]
[Round "2.18"]
[White "Hua, Arnold"]
[Black "Brown, Nicholas"]
[Result "1-0"]
[WhiteElo "2000"]
[BlackElo "1570"]
[PlyCount "101"]
[EventDate "2013.??.??"]

1. e4 c6 2. d4 d5 3. Nd2 dxe4 4. Nxe4 Bf5 5. Ng3 Bg6 6. N1e2 h6 7. Nf4 Bh7 8.
Bc4 e6 9. O-O Bd6 10. Re1 Bxf4 11. Bxf4 Nf6 12. c3 O-O 13. Qb3 b5 14. Be2 Nd5
15. Bd2 Nd7 16. a4 a6 17. Bf3 N7f6 18. c4 bxc4 19. Qxc4 Qb6 20. a5 Qxb2 21. Ra2
Qb5 22. Qc1 Qb7 23. Rb2 Qd7 24. Qc5 Rab8 25. Bb4 Nxb4 26. Rxb4 Rxb4 27. Qxb4
Nd5 28. Qc4 Qb7 29. Rc1 Rc8 30. Be2 Nf4 31. Bf1 g5 32. h3 Nd5 33. Qxa6 Qxa6 34.
Bxa6 Rc7 35. f3 Nb4 36. Be2 Bd3 37. Kf2 Kf8 38. Ke3 Bxe2 39. Kxe2 Na6 40. Ne4
f5 41. Nc5 Nxc5 42. Rxc5 Ke7 43. Kd3 Kd6 44. Rc2 Ra7 45. Ra2 Kd5 46. a6 e5 47.
Ra5+ Ke6 48. dxe5 h5 49. Kd4 c5+ 50. Kxc5 h4 51. Kb6 1-0

[Event "Mechanics' Summer TNM; 30/90, SD/30"]
[Site "San Francisco"]
[Date "2013.07.16"]
[Round "8.14"]
[White "Hua, Arnold"]
[Black "Chernobilskiy, Mikhail"]
[Result "0-1"]
[WhiteElo "1989"]
[BlackElo "1864"]
[PlyCount "64"]
[EventDate "2013.??.??"]

1. e4 d5 2. exd5 Qxd5 3. Nc3 Qd6 4. d4 Nf6 5. Nf3 c6 6. Ne5 Nbd7 7. Nc4 Qc7 8.
Qf3 Nb6 9. h3 Be6 10. Bf4 Qd8 11. Ne5 Qxd4 12. Nd3 Nbd5 13. Be5 Qb6 14. O-O-O
g6 15. g4 Nxc3 16. Bxc3 Bd5 17. Qe2 O-O-O 18. Rg1 Rg8 19. Bg2 Bc4 20. g5 Nh5
21. Qg4+ Be6 22. Qa4 Bg7 23. Ba5 Rd4 24. Nb4 Qc5 25. Rxd4 Qxd4 26. c3 Qxf2 27.
Rd1 Qxg2 28. Bb6 Qxg5+ 29. Kb1 a6 30. Nxc6 Bf6 31. a3 Nf4 32. Nd8 Qb5 0-1

[Event "Mechanics' Summer TNM; 30/90, SD/30"]
[Site "San Francisco"]
[Date "2013.06.11"]
[Round "3.2"]
[White "Hua, Arnold"]
[Black "Fuentes, Romulo"]
[Result "1/2-1/2"]
[WhiteElo "1989"]
[BlackElo "2219"]
[PlyCount "93"]
[EventDate "2013.??.??"]

1. e4 c5 2. Nf3 d6 3. d4 cxd4 4. Nxd4 Nf6 5. Nc3 a6 6. Be2 e5 7. Nb3 Be6 8. O-O
Nbd7 9. a4 Rc8 10. Be3 Be7 11. f4 O-O 12. a5 Bc4 13. Ra4 b5 14. axb6 Nxb6 15.
Rb4 Nfd7 16. Nd5 Nxd5 17. exd5 Bxe2 18. Qxe2 exf4 19. Bxf4 Ne5 20. c3 a5 21.
Rb5 a4 22. Nd4 a3 23. Bxe5 dxe5 24. Nc6 Qd6 25. bxa3 Qxa3 26. Qxe5 Bd6 27. Qd4
Rce8 28. c4 Re2 29. Ra1 Ra2 30. Rxa2 Qxa2 31. c5 Re8 32. Qd1 Qc4 33. cxd6 Qxb5
34. d7 Qb6+ 35. Kf1 Ra8 36. d8=Q+ Rxd8 37. Nxd8 Qxd8 38. Qd3 Qd6 39. g3 g6 40.
Ke2 Kf8 41. Qe4 h5 42. Ke3 f5 43. Qd4 Kf7 44. Kf3 Ke7 45. Ke3 Qa3+ 46. Kf4 Qc1+
47. Qe3+ 1/2-1/2

[Event "Mechanics' Spring TNM; 30/90, SD/30"]
[Site "San Francisco"]
[Date "2013.04.09"]
[Round "4.17"]
[White "Hua, Arnold"]
[Black "Gardiner, Paul"]
[Result "1-0"]
[WhiteElo "2000"]
[BlackElo "1605"]
[PlyCount "49"]
[EventDate "2013.??.??"]

1. e4 c6 2. d4 d5 3. exd5 cxd5 4. c4 Nf6 5. Nc3 Nc6 6. Nf3 e6 7. Bg5 Be7 8. Bd3
O-O 9. O-O b6 10. Re1 Bb7 11. Rc1 Nb4 12. Bf1 dxc4 13. Ne5 Rc8 14. Bxc4 Nbd5
15. Qd3 Nxc3 16. bxc3 Nd5 17. Bxe7 Qxe7 18. Bxd5 Bxd5 19. c4 Bb7 20. d5 exd5
21. Ng6 Qg5 22. Nxf8 Rxf8 23. c5 Rc8 24. c6 Ba8 25. Qa6 1-0

[Event "Mechanics' Summer TNM; 30/90, SD/30"]
[Site "San Francisco"]
[Date "2013.07.02"]
[Round "6.5"]
[White "Hua, Arnold"]
[Black "Ivanov, Aleksandr"]
[Result "0-1"]
[WhiteElo "1989"]
[BlackElo "2078"]
[Annotator "Donaldson"]
[PlyCount "62"]
[EventDate "2013.??.??"]

1. e4 c6 2. d4 d5 3. exd5 cxd5 4. c4 Nf6 5. Nc3 Nc6 6. Nf3 Bg4 7. cxd5 Nxd5 8.
Qb3 Bxf3 9. gxf3 Nxc3 (9... e6 {and}) (9... Nb6 {are much more commonly seen})
10. bxc3 Qc7 11. Bf4 (11. d5 Ne5 12. Bb5+ {is more testing.}) 11... e5 12. dxe5
O-O-O 13. Bh3+ Kb8 14. O-O Nxe5 15. Kh1 Bd6 16. Rfd1 f6 17. Rab1 g5 18. Bg3 h5
19. Rxd6 $4 {This doesn't work. Much better was} (19. Bg2 {
planning f4. For example:} h4 $2 20. Bxe5 Bxe5 21. f4 Bxf4 22. Bxb7 {winning.})
19... Rxd6 20. f4 h4 21. fxe5 Rb6 22. Qd1 hxg3 23. Rxb6 axb6 24. Bg2 Qxe5 25.
fxg3 Qxg3 26. Qg1 Qxc3 27. h3 Re8 28. Qxb6 Re1+ 29. Bf1 Rxf1+ 30. Kg2 Rc1 31.
Qd8+ Ka7 0-1

[Event "Mechanics' Winter TNM; 30/90, SD/30"]
[Site "San Francisco"]
[Date "2013.02.12"]
[Round "6.10"]
[White "Hua, Arnold"]
[Black "Todortsev, Victor"]
[Result "0-1"]
[WhiteElo "2005"]
[BlackElo "1910"]
[Annotator "Donaldson"]
[PlyCount "98"]
[EventDate "2013.??.??"]

1. e4 c5 2. Nf3 Nf6 3. Nc3 e6 4. d4 cxd4 5. Nxd4 Nc6 6. a3 d5 7. exd5 exd5 8.
Be2 Bc5 9. Be3 Qe7 10. O-O O-O 11. Bf3 Rd8 12. Re1 Ne5 13. Bf4 Nxf3+ 14. Qxf3
Bg4 15. Qg3 Qd7 16. Nb3 Bb6 17. h3 d4 18. Na2 Bf5 19. Nb4 Nh5 20. Qf3 Nxf4 21.
Qxf4 Rac8 22. Qd2 Bxh3 23. gxh3 Qxh3 24. Qd3 Qh5 25. Qg3 Bc7 $1 26. f4 Rd6 $1
27. Re5 Rg6 $4 (27... f5 $19) 28. Rxh5 Rxg3+ 29. Kf2 Rg4 30. Nxd4 Rxf4+ 31. Nf3
$16 g6 32. Rb5 a6 33. Rxb7 Rf5 34. Rd1 a5 35. Nd5 Bd6 36. c3 Re8 37. b4 axb4
38. cxb4 Kg7 39. a4 h5 40. a5 h4 41. Rd4 $4 (41. Rd3 Bg3+ 42. Kg2 $18) 41...
Bg3+ 42. Kg1 Rxf3 43. Rd1 Re2 44. Re7 Rb2 45. a6 h3 46. Ra1 Rff2 47. Ne3 Bf4
48. a7 Bxe3 49. Rxe3 Rg2+ 0-1

[Event "Mechanics' Winter TNM; 30/90, SD/30"]
[Site "San Francisco"]
[Date "2013.01.29"]
[Round "4.12"]
[White "Hua, Arnold"]
[Black "Vadim, Ryaboy"]
[Result "1-0"]
[WhiteElo "2005"]
[BlackElo "1782"]
[PlyCount "85"]
[EventDate "2013.??.??"]

1. e4 e5 2. Nf3 Nc6 3. Bb5 a6 4. Ba4 Nf6 5. O-O Be7 6. Re1 b5 7. Bb3 d6 8. c3
Na5 9. Bc2 c5 10. h3 O-O 11. d4 Qc7 12. Nbd2 Re8 13. Nf1 Bf8 14. Bg5 Nd7 15.
Ne3 g6 16. Nd5 Qc6 17. b3 Nb7 18. Qd2 Nd8 19. Rac1 Qb7 20. b4 c4 21. a4 Nc6 22.
Ra1 Ra7 23. dxe5 Ncxe5 24. Nxe5 Rxe5 25. Bf4 Re6 26. Be3 Ra8 27. axb5 axb5 28.
Rxa8 Qxa8 29. Nc7 Qa2 30. Nxb5 Bg7 31. Nd4 Bxd4 32. cxd4 Qa3 33. d5 Re8 34. Bd4
Qa6 35. Ra1 Qb5 36. f3 Rf8 37. Ra7 Rd8 38. Qh6 Ne5 39. f4 Qxb4 40. fxe5 c3 41.
Ra4 Qb7 42. e6 fxe6 43. Ra7 1-0

[Event "Mechanics' Winter TNM; 30/90, SD/30"]
[Site "San Francisco"]
[Date "2013.01.15"]
[Round "2.1"]
[White "Hua, Arnold"]
[Black "Winslow, Elliott"]
[Result "1-0"]
[WhiteElo "2005"]
[BlackElo "2319"]
[PlyCount "139"]
[EventDate "2013.??.??"]

1. e4 c5 2. Nf3 d6 3. d4 cxd4 4. Nxd4 Nf6 5. Nc3 a6 6. Be2 e6 7. a4 Be7 8. Be3
Nc6 9. O-O O-O 10. f4 Qc7 11. Nb3 b6 12. Kh1 Bb7 13. Bf3 Na5 14. Nxa5 bxa5 15.
Qd4 Nd7 16. Rad1 Rfd8 17. f5 e5 18. Qd2 Nf6 19. Qe2 Rac8 20. g4 Qc4 21. Qg2 d5
22. exd5 e4 23. Be2 Qb4 24. g5 Nxd5 25. Nxd5 Rxd5 26. f6 Bc5 27. Qg3 Qb6 28.
Rxd5 Bxd5 29. Rf5 Bxe3 30. Rxd5 Bc5 31. Qc3 h6 32. fxg7 Rc6 33. gxh6 Be7 34.
Qxa5 Rxh6 35. Qxb6 Rxb6 36. Re5 Bf6 37. Re8+ Kxg7 38. b3 Rc6 39. Bc4 Bg5 40.
Rxe4 f5 41. Re5 Rf6 42. Ra5 Bf4 43. Rxa6 Rf8 44. Re6 Rh8 45. Re2 Kf6 46. a5 Bc7
47. a6 f4 48. Bd5 Bb8 49. Kg2 Rxh2+ 50. Kxh2 f3+ 51. Kg1 fxe2 52. Kf2 Ke5 53.
Bc4 Kd4 54. Kxe2 Kc3 55. Bd3 Ba7 56. Kf3 Kd4 57. Kf4 Kd5 58. Kf5 Kd6 59. Ke4
Bb6 60. b4 Ba7 61. c4 Kc6 62. Ke5 Bb8+ 63. Ke6 Ba7 64. Ke7 Kc7 65. c5 Bb8 66.
b5 Ba7 67. b6+ Bxb6 68. cxb6+ Kxb6 69. Kd6 Ka7 70. Kc5 1-0

[Event "Mechanics' Spring TNM; 30/90, SD/30"]
[Site "San Francisco"]
[Date "2013.04.23"]
[Round "6.5"]
[White "Hua, Arnold"]
[Black "Wong, Russell"]
[Result "0-1"]
[WhiteElo "2000"]
[BlackElo "2200"]
[PlyCount "74"]
[EventDate "2013.??.??"]

1. e4 Nf6 2. e5 Nd5 3. d4 d6 4. Nf3 Nb6 5. Be2 dxe5 6. Nxe5 N8d7 7. Nf3 Nf6 8.
O-O Bf5 9. c4 e6 10. Qb3 Qc8 11. Re1 c6 12. a4 Be7 13. Nc3 O-O 14. a5 Nbd7 15.
a6 b6 16. Bf4 Nh5 17. Be3 Qc7 18. Ne5 Nhf6 19. Bf3 Nxe5 20. dxe5 Nd7 21. Bd4
Bc5 22. Qd1 Rad8 23. Bxc5 Nxc5 24. Qe2 Nd3 25. Red1 Nxe5 26. Be4 Bxe4 27. Qxe4
Nd7 28. b4 Nf6 29. Qf3 h6 30. Ne4 Nxe4 31. Qxe4 Rd7 32. Rxd7 Qxd7 33. h3 Rd8
34. Rb1 b5 35. Rc1 Qd2 36. Rc2 Qxb4 37. Qxc6 Qb1+ 0-1

[Event "Mechanics' Summer TNM; 30/90, SD/30"]
[Site "San Francisco"]
[Date "2013.06.04"]
[Round "2.27"]
[White "Israel, Enoch"]
[Black "Nyangar, Enkhmaa"]
[Result "1-0"]
[WhiteElo "1713"]
[BlackElo "1564"]
[PlyCount "55"]
[EventDate "2013.??.??"]

1. e4 e5 2. Nf3 Nc6 3. Bb5 Nf6 4. O-O a6 5. Ba4 b5 6. Bb3 Bc5 7. d3 h6 8. h3
O-O 9. a4 Bb7 10. axb5 axb5 11. Rxa8 Qxa8 12. Nc3 b4 13. Ne2 Nd4 14. Nfxd4 exd4
15. Bf4 d5 16. f3 dxe4 17. fxe4 Nxe4 18. Qe1 Nf6 19. Qg3 Nh5 20. Qg4 Nxf4 21.
Nxf4 Kh8 22. Nh5 Rg8 23. Bxf7 Bd5 24. Bxg8 Qxg8 25. Nf4 Bb7 26. Ng6+ Kh7 27.
Qf5 Qc8 28. Nf8+ 1-0

[Event "Mechanics' Fall TNM; 30/90, SD/30"]
[Site "San Francisco"]
[Date "2013.11.19"]
[Round "5.4"]
[White "Ivanov, Aleksandr"]
[Black "Andries, Craig"]
[Result "1-0"]
[WhiteElo "2103"]
[BlackElo "1956"]
[PlyCount "93"]
[EventDate "2013.??.??"]

1. e4 d6 2. d4 Nf6 3. Nc3 g6 4. Nf3 Bg7 5. h3 c6 6. Be3 O-O 7. Qd2 Qa5 8. Bd3
Nbd7 9. O-O e5 10. Bh6 exd4 11. Bxg7 dxc3 12. Qh6 Qh5 13. Bxf8 Nxf8 14. Qxh5
Nxh5 15. bxc3 Kg7 16. Rab1 b6 17. Rfd1 Be6 18. Ba6 Rd8 19. Nd4 c5 20. Nc6 Re8
21. Rxd6 Bxa2 22. Ra1 Be6 23. Bb5 a5 24. Nxa5 Ra8 25. Rxb6 c4 26. Ra6 Rd8 27.
Nxc4 Rc8 28. Nd6 Rxc3 29. Rc6 Rxc6 30. Bxc6 Nf4 31. c4 Kf6 32. Ra7 Nd3 33. g3
g5 34. Bd5 Nd7 35. Nxf7 Bxh3 36. Ra6+ Ke7 37. Nxg5 Bg4 38. Nxh7 N7e5 39. Ng5
Nc1 40. Kg2 Ncd3 41. f4 Nd7 42. e5 N7c5 43. Ra7+ Ke8 44. Ne4 Ne1+ 45. Kf2 Ned3+
46. Ke3 Bf5 47. Nd6+ 1-0

[Event "Mechanics' Fall TNM; 30/90, SD/30"]
[Site "San Francisco"]
[Date "2013.11.05"]
[Round "3.10"]
[White "Ivanov, Aleksandr"]
[Black "Campers Jr, Willie"]
[Result "1-0"]
[WhiteElo "2103"]
[BlackElo "1782"]
[PlyCount "47"]
[EventDate "2013.??.??"]

1. d4 d5 2. c4 c6 3. g3 Bf5 4. Bg2 Qd7 5. Nc3 Nf6 6. Nf3 Bh3 7. Ne5 Qc8 8. Bxh3
Qxh3 9. cxd5 Qg2 10. Rf1 Nxd5 11. Qb3 Nd7 12. Nxd7 Rd8 13. Ne5 f6 14. Nf3 b5
15. Nxd5 Rxd5 16. Bd2 Qh3 17. Rc1 Qe6 18. a4 a6 19. axb5 axb5 20. Qc2 Kd7 21.
e4 Rh5 22. Be3 g6 23. d5 cxd5 24. Qc8+ 1-0

[Event "Mechanics' Summer TNM; 30/90, SD/30"]
[Site "San Francisco"]
[Date "2013.06.04"]
[Round "2.6"]
[White "Ivanov, Aleksandr"]
[Black "Chernobilskiy, Mikhail"]
[Result "1-0"]
[WhiteElo "2078"]
[BlackElo "1864"]
[PlyCount "43"]
[EventDate "2013.??.??"]

1. e4 d5 2. exd5 Qxd5 3. Nc3 Qd6 4. d4 Nf6 5. Nf3 c6 6. Bg5 Bg4 7. Be2 Nbd7 8.
O-O e6 9. Qd2 Bxf3 10. Bxf3 Be7 11. Rfe1 O-O-O 12. Bf4 Qb4 13. a3 Qb6 14. b4 e5
15. Bg3 Rhe8 16. d5 e4 17. Be2 Nf8 18. Na4 Rxd5 19. Nxb6+ axb6 20. Qe3 N8d7 21.
Bc4 Ng4 22. Qf4 1-0

[Event "Mechanics' Spring TNM; 30/90, SD/30"]
[Site "San Francisco"]
[Date "2013.03.19"]
[Round "1.10"]
[White "Ivanov, Aleksandr"]
[Black "Cohee, James"]
[Result "1-0"]
[WhiteElo "2079"]
[BlackElo "1656"]
[PlyCount "77"]
[EventDate "2013.??.??"]

1. e4 e5 2. Nf3 Nc6 3. g3 Nf6 4. d3 Bc5 5. Bg2 d6 6. O-O Bg4 7. Nbd2 Qd7 8. c3
O-O 9. b4 Bb6 10. Qc2 a6 11. Bb2 Rfe8 12. a4 Bh3 13. Rae1 Bxg2 14. Kxg2 Ng4 15.
Qb3 Qe6 16. c4 Nd4 17. Nxd4 Bxd4 18. Bxd4 exd4 19. h3 Nh6 20. f4 Qd7 21. c5
dxc5 22. bxc5 b5 23. cxb6 cxb6 24. Nf3 Qe6 25. Rb1 Rab8 26. Nxd4 Qxb3 27. Rxb3
Rbd8 28. Nc6 Rd6 29. Rc1 f6 30. Kf3 Kf8 31. d4 Rde6 32. e5 Nf5 33. Rd3 fxe5 34.
fxe5 Ne7 35. Nxe7 R8xe7 36. Ke4 Kf7 37. Rf3+ Kg6 38. g4 Rf7 39. Rf5 1-0

[Event "Mechanics' Summer TNM; 30/90, SD/30"]
[Site "San Francisco"]
[Date "2013.07.09"]
[Round "7.2"]
[White "Ivanov, Aleksandr"]
[Black "Fuentes, Romulo"]
[Result "0-1"]
[WhiteElo "2078"]
[BlackElo "2219"]
[Annotator "Donaldson"]
[PlyCount "92"]
[EventDate "2013.??.??"]

1. d4 Nf6 2. c4 e6 3. g3 c5 4. d5 exd5 5. cxd5 Bd6 6. Bg2 O-O 7. Nc3 Re8 8. Nf3
a6 9. a4 Bf8 10. O-O d6 11. h3 Nbd7 12. Qd3 b6 13. e4 Rb8 14. Re1 Qc7 15. Bg5
h6 16. Bxf6 Nxf6 17. Nd2 Nd7 18. f4 Be7 19. Kh2 Bf6 20. Re2 b5 21. axb5 Bxc3
22. b6 Nxb6 23. Qxc3 Nxd5 24. Qf3 Nb4 25. Nc4 Be6 26. Qc3 Bxc4 27. Qxc4 Qb6 28.
Rd2 a5 29. Rad1 Rbd8 30. Bf3 Nc6 31. Bh5 Rf8 32. e5 Nd4 33. exd6 Qxd6 34. Rf2
g6 35. Be2 Qe6 36. Qxe6 fxe6 37. Bd3 (37. Bc4 Nf3+) 37... Kg7 38. Be4 Rd7 39.
Kg2 Ra7 40. Rc1 Rc8 41. Rc4 h5 42. Rd2 Rb8 43. Rc3 h4 44. Re3 Rh8 45. Rc3 hxg3
46. Rxg3 Rh6 {Black won in another 20 moves in mutual time pressure.} 0-1

[Event "Mechanics' Spring TNM; 30/90, SD/30"]
[Site "San Francisco"]
[Date "2013.04.30"]
[Round "7.4"]
[White "Ivanov, Aleksandr"]
[Black "Gaffagan, Steven"]
[Result "1-0"]
[WhiteElo "2079"]
[BlackElo "2086"]
[PlyCount "63"]
[EventDate "2013.??.??"]

1. c4 Nf6 2. Nc3 g6 3. g3 Bg7 4. Bg2 O-O 5. Nf3 c6 6. O-O d5 7. cxd5 cxd5 8. d4
Nc6 9. Qb3 Na5 10. Qb4 Nc6 11. Qa4 Bd7 12. Rd1 a6 13. Bg5 b5 14. Qc2 e6 15. e4
dxe4 16. Nxe4 Nb4 17. Qb3 Nbd5 18. Ne5 Ra7 19. Nc5 Be8 20. Ng4 Qd6 21. Nxf6+
Nxf6 22. Bf4 Qb6 23. Rac1 Ng4 24. Ne4 e5 25. dxe5 Bxe5 26. Bxe5 Nxe5 27. Rd6
Qb8 28. Qd5 Re7 29. Nf6+ Kg7 30. Qd4 Qa7 31. Rc5 Re6 32. Rxe6 1-0

[Event "Mechanics' Winter TNM; 30/90, SD/30"]
[Site "San Francisco"]
[Date "2013.01.08"]
[Round "1.13"]
[White "Ivanov, Aleksandr"]
[Black "Graeber, Marie"]
[Result "1-0"]
[WhiteElo "2022"]
[BlackElo "1571"]
[PlyCount "41"]
[EventDate "2013.??.??"]

1. d4 d5 2. Nf3 Nf6 3. Bg5 Nbd7 4. e3 g6 5. Bd3 Bg7 6. O-O c6 7. c4 Qb6 8. Qe2
c5 9. Nc3 cxd4 10. exd4 dxc4 11. Bxc4 Qd8 12. Rfe1 Nb6 13. Bb3 h6 14. Bf4 (14.
Ne5 $5) (14. Bxf6 Bxf6 15. Ne5 {was also strong.}) 14... Bg4 $4 15. Bxf7+ Kxf7
16. Ne5+ Ke8 17. Nxg4 g5 18. Be5 Nbd7 19. Bd6 Ng8 20. Nd5 Bf8 21. Qe6 1-0

[Event "Mechanics' Summer TNM; 30/90, SD/30"]
[Site "San Francisco"]
[Date "2013.06.18"]
[Round "4.2"]
[White "Ivanov, Aleksandr"]
[Black "Klinetobe, David"]
[Result "1-0"]
[WhiteElo "2078"]
[BlackElo "2034"]
[PlyCount "85"]
[EventDate "2013.??.??"]

1. d4 Nf6 2. Nf3 d5 3. Bg5 Ne4 4. Bf4 c5 5. e3 cxd4 6. exd4 Qb6 7. Nc3 Nxc3 8.
bxc3 Qb2 9. Bd3 Qxc3+ 10. Bd2 Qc7 11. O-O Bg4 12. h3 Bxf3 13. Qxf3 e6 14. c4
Be7 15. cxd5 exd5 16. Qxd5 O-O 17. Rfe1 Nc6 18. Rac1 Qd6 19. Qe4 f5 20. Bc4+
Kh8 21. Qe6 Rf6 22. Qe2 Bf8 23. d5 Ne7 24. Bg5 Rf7 25. Qe6 Qxe6 26. dxe6 Rf6
27. Bxf6 gxf6 28. Red1 Rb8 29. Bb5 a6 30. Bd7 Ng6 31. Rc8 Rxc8 32. Bxc8 a5 33.
Bxb7 a4 34. Rd7 Ne7 35. Bf3 a3 36. h4 Kg8 37. Bh5 Kh8 38. Kf1 Kg7 39. Bf3 Kg6
40. Ra7 Ng8 41. h5+ Kh6 42. Ra8 Kg7 43. h6+ 1-0

[Event "Mechanics' Winter TNM; 30/90, SD/30"]
[Site "San Francisco"]
[Date "2013.01.22"]
[Round "3.1"]
[White "Ivanov, Aleksandr"]
[Black "Lee, Andy"]
[Result "0-1"]
[WhiteElo "2022"]
[BlackElo "2294"]
[PlyCount "102"]
[EventDate "2013.??.??"]

1. e4 e5 2. Nf3 Nc6 3. Bb5 a6 4. Bxc6 dxc6 5. d4 exd4 6. Qxd4 Qxd4 7. Nxd4 Nf6
8. f3 Bc5 9. Be3 O-O 10. Nf5 Bb4+ 11. c3 Bxf5 12. cxb4 Be6 13. Nc3 a5 14. bxa5
Rxa5 15. Bf4 Rc8 16. Kf2 Nd7 17. Rhd1 f6 18. a4 Rc5 19. Be3 Rc4 20. Rd4 Ne5 21.
Rad1 b6 22. h3 Rxd4 23. Bxd4 Bb3 24. Rd2 Rd8 25. Nb1 Nc4 26. Rd3 Bxa4 27. b3
Bxb3 28. Rxb3 Rxd4 29. g3 Kf7 30. h4 Ke6 31. Ke2 Kd6 32. Rc3 b5 33. Rc2 b4 34.
Ra2 Kc5 35. Ra8 b3 36. Rb8 Nb6 37. h5 Kb4 38. Rb7 Rd7 39. f4 c5 40. e5 fxe5 41.
fxe5 Kc4 42. e6 Re7 43. Kd2 Rxe6 44. Rxc7 Rd6+ 45. Kc1 Rf6 46. Kd2 Rf2+ 47. Kc1
Rf1+ 48. Kb2 Na4+ 49. Ka1 b2+ 50. Ka2 Nc3+ 51. Nxc3 Kxc3 0-1